00535nam a22001577a 450000500170000001000130001702000260003003500130005603700100006908200100007910000220008924501260011126000430023727000750028030000220035520111108105316.0 aG-001612 c195.00a97881891076041daG-001612 bGift  a158.1 aChuter, Jonathan  aThe mind menu:cby Jonathan Chuter ba practical guide to creating the life you want through the power of your thoughts / aBhopal bIndra Publishing Hosue c2009 aE-5/21, Arera Colony, Habibganj Police Station Road, bBhopal e462016 a248p. c24cm(pbk)